Taylor Swift - Track 19 - Statistiques

Statistiques générales
  • Ce quiz a été pris 41 fois
    35 depuis la dernière actualisation
  • Le résultat moyen est 6 sur 6
Statistiques - réponses
Hint Réponse % Correct
Speak Now (Taylor's Version) I Can See You
100%
The Tortured Poets Department The Albatross
100%
1989 (Taylor's Version) Now That We Don't Talk
95%
Midnights Would've Could've Should've
95%
Red (Taylor's Version) Girl At Home
89%
Fearless (Taylor's Version) The Other Side Of The Door
89%
Aucun quiz correspondant
Distribution des résultats
% des personnes avec chaque résultat
Percentile par nombre de réponses
Votre historique - résultats
Vous n’avez pas pris ce quiz depuis la dernière actualisation